Normal view MARC view
  • Marti

Entry Personal Name

Number of records used in: 2

001 - CONTROL NUMBER

  • control field: 1142

003 - CONTROL NUMBER IDENTIFIER

  • control field: OSt

005 - DATE AND TIME OF LATEST TRANSACTION

  • control field: 20161111105248.0

008 - FIXED-LENGTH DATA ELEMENTS

  • fixed length control field: 161111|| aca||aabn | a|a d

040 ## - CATALOGING SOURCE

  • Original cataloging agency: OSt

100 ## - HEADING--PERSONAL NAME

  • Personal name: Marti

Powered by Koha